Toutes les chansons de Jean-Jacques Goldman - Statistiques

Statistiques générales
  • Ce quiz a été pris 352 fois
  • Le résultat moyen est 44 sur 107
Statistiques - réponses
% Correct
Je te donne
86%
Envole-moi
85%
Là-bas
85%
Quand la musique est bonne
85%
Je marche seul
81%
Tournent les violons
79%
La vie par procuration
78%
Comme toi
77%
Elle a fait un bébé toute seule
77%
Pas toi
74%
Il suffira d'un signe
73%
Encore un matin
72%
Il changeait la vie
72%
Rouge
72%
Né en 17 à Leindenstadt
68%
On ira
68%
Puisque tu pars
67%
À nos actes manqués
65%
Au bout de mes rêves
64%
Entre gris clair et gris foncé
64%
En passant
64%
Ensemble
58%
Bonne idée
56%
Famille
53%
Un, deux, trois
52%
Sache que je
51%
Juste après
50%
Les choses
50%
C'est ta chance
49%
Long Is the Road (Américain)
49%
Elle attend
47%
Minoritaire
47%
Veiller tard
47%
Confidentiel
45%
Et l'on n'y peut rien
44%
Nos mains
44%
Le coureur
42%
Petite fille
41%
Peur de rien blues
40%
Il y a
39%
Nuit
39%
Je ne vous parlerai pas d'elle
38%
Je voudrais vous revoir
37%
Natacha
36%
C'est pas vrai
35%
Quand tu danses
35%
Dors bébé, dors
34%
C'est pas d'l'amour
33%
Nous ne nous parlerons pas
33%
Pas l'indifférence
33%
Ton autre chemin
33%
Tout était dit
33%
Compte pas sur moi
32%
Fermer les yeux
32%
Filles faciles
32%
La pluie
32%
Le rapt
32%
Les murailles
32%
Quand la bouteille est vide
32%
Des bouts de moi
31%
Les p'tits chapeaux
31%
À quoi tu sers ? (Intro)
30%
Être le premier
30%
Jeanine médicament blues
30%
À l'envers
29%
Bienvenue sur mon boulevard
29%
Doux
29%
Fais des bébés
29%
Je commence demain
29%
Une poussière
29%
Des vies
28%
Quelque chose de bizarre
28%
Sans un mot
28%
The Quo's in Town Tonite
28%
Reprendre c'est voler
27%
Si je t'avais pas
27%
Frères
26%
Peurs
26%
Plus fort
26%
Que disent les chansons du monde ?
26%
Brouillard
25%
Délires schizo-maniaco-psychotiques
25%
Juste un petit moment
25%
Je chante pour ça
25%
Ne lui dis pas
25%
Parler d'ma vie
25%
Quel exil
25%
Si tu m'emmènes
25%
Toutes mes chaînes
25%
Tout petit monde
25%
Tu manques
25%
Vivre cent vies
25%
Appartenir
24%
Autre histoire
24%
Chanson d'amour (…!)
24%
Des vôtres
24%
Juste quelques hommes
24%
Qu'elle soit elle
24%
Serre-moi
24%
Un goût sur tes lèvres
24%
Elle avait 17 ans
23%
J't'aimerai quand même
23%
Quelque part, quelqu'un
23%
Il me restera
22%
Je l'aime aussi
22%
Il part
21%
On n'a pas changé
21%
Aucun quiz correspondant
Distribution des résultats
% des personnes avec chaque résultat
Percentile par nombre de réponses
Votre historique - résultats
Vous n’avez pas pris ce quiz